000 00276nam a22001217a 4500
003 OSt
005 20211223091937.0
008 211223b |||||||| |||| 00| 0 eng d
020 _a9781420074062
040 _cHU
245 _aIntroduction Grid Computing
942 _2ddc
_cBOOKS
_n0
999 _c23594
_d23594